| 000 | 00369nam a2200145Ia 4500 | ||
|---|---|---|---|
| 008 | 230917s9999||||xx |||||||||||||| ||und|| | ||
| 040 |
_e160254 _aMAIN |
||
| 041 | _aEnglish | ||
| 082 | _a647.94 K131H | ||
| 100 | _aKandari, O P | ||
| 245 | 0 | _aHospitality, leisure and tourism industries | |
| 260 |
_aDelhi _bShree Publishers _c2004 |
||
| 300 | _a281 p. | ||
| 942 | _cBK | ||
| 999 |
_c135787 _d135787 |
||